1199 1167 1893 1825 1497 1195 1002 1945 1657 1090 1010 1706 1812 1145 1625 1670 1868 1147 1796 1506 1912 1761 1891 1621 1768 1181 1521 1762 1195 1433 1346 1644 1940 1974 1763 1028 1180 1588 1494 1619 1921 1040 1687 1775 1708 1703 1310 1267 1138 1986 1720 1575 1804 1973 1373 1560 1391 1736 1401 1962 1719 1163 1011 1279 1672 1051 1278 1293 1790 1379 1857 1456 1539 1326 1703 1050 1952 1451 1645 1113 1995 1710 1792 1354 1268 1745 1673 1372 1393 1152 1986 1518 1416 1901 1699 1379 1178 1966 1091 BCNSPRNW ULIB Ver.6.0+V

เปลี่ยนเป็นภาษาไทย

Change to English
 แสดงรายละเอียดบรรณานุกรม
  กลับหน้าหลัก

Brief Record : Get Marc (ISO 2709) : E-mail record : QR code < ปิดหน้าต่าง
LEADER : 00000nam 2200000uu 4500
001    13399108315
003     ULIB
008    110228s2551||||th 000 0 tha d
020    9789749988701
060  4 WL100^bอ937I 2551
100 0  แองกัส เกลลาทลีย์
245 10 ส่องสมอง มองโลกจิต=^bIntroducing mind&brain/^cสันต์ สิงหภักดี,แปล
246 31 Introducing mind&brain
250    พิมพ์ครั้งที่ 1
260    กรุงเทพฯ:^bมูลนิธิเด็ก,^c2551
300    171 หน้า:^bภาพประกอบ
650  7 ประสาทวิทยา
650  7 สมอง
700 0  จารุปภา วะสี,^eบรรณาธิการแปล
945    ^p200^l0^i025065
945    ^p200^l0^i025066
945    ^p200^l0^i025067
945    ^p200^l0^i025068
995    ทศพร
999 ^a ใช้งานได้ทุกระบบ
รายการนี้ยังไม่มีแท็ก
คุณยังไม่ได้ล็อกอิน คุณสามารถมีกิจกรรมร่วมกับเว็บไซต์ได้ แต่ต้องล็อกอินก่อน ::
  ล็อกอิน

รายการสื่อสารสนเทศ

ลำดับที่ ประเภท เลขเรียก/บาร์โค้ด สถานที่ สถานะ
- ไม่พบข้อมูล -

รายการใกล้เคียง
    หัวเรื่อง [ประสาทวิทยา]
    หัวเรื่อง [สมอง]

BibComment


ยังไม่เคยถูกคอมเมนท์

คอมเมนท์ทรัพยากรรายการนี้
  คอมเมนท์: ส่องสมอง มองโลกจิ..


 Copyright 2026. Bcnsprnw @Library